Teatro de Gustavo Adolfo Bécquer / (Record no. 180115)

MARC details
000 -LEADER
campo de control de longitud fija 01135nam a22002411 4500
001 - NÚMERO DE CONTROL
campo de control 180115
003 - IDENTIFICADOR DE NÚMERO DE CONTROL
campo de control ES-MaACL
005 - FECHA Y HORA DE LA ÚLTIMA TRANSACCIÓN
campo de control 20250805063319.0
008 - DATOS DE LONGITUD FIJA--INFORMACIÓN GENERAL
campo de control de longitud fija 120419s1949 sp |||| | spa d
080 ## - NÚMERO DE LA CLASIFICACIÓN DECIMAL UNIVERSAL
Número de la Clasificación Decimal Universal 821.134.2-122"18"
080 ## - NÚMERO DE LA CLASIFICACIÓN DECIMAL UNIVERSAL
Número de la Clasificación Decimal Universal 821.134.2 Becquer 2.06
100 1# - ENTRADA PRINCIPAL--NOMBRE DE PERSONA
Nombre de persona Bécquer, Gustavo Adolfo,
Fechas asociadas al nombre 1836-1870
9 (RLIN) 26974
245 10 - MENCIÓN DEL TÍTULO
Título Teatro de Gustavo Adolfo Bécquer /
Mención de responsabilidad, etc. edición, estudio preliminar, notas... de Juan Antonio Tamayo.
260 ## - PUBLICACIÓN, DISTRIBUCIÓN, ETC.
Lugar de publicación, distribución, etc. Madrid :
Nombre del editor, distribuidor, etc. Consejo Superior de Investigaciones Científicas, Patronato "Menéndez Pelayo", Instituto "Miguel de Cervantes",
Fecha de publicación, distribución, etc. 1949.
300 ## - DESCRIPCIÓN FÍSICA
Extensión LXXXVIII, 536 p. ;
Dimensiones 25 cm.
490 1# - MENCIÓN DE SERIE
Mención de serie Anejos de "La Revista de Filología Española" ;
Designación de volumen o secuencia 42
505 8# - NOTA DE CONTENIDO CON FORMATO
Nota de contenido con formato Contiene: ;
Título La novia y el pantalón ;
-- La venta encantada ;
-- Las distracciones ;
-- Tal para cual ;
-- La cruz del valle ;
-- El nuevo Fígaro ;
-- Clara de Rosemberg
700 1# - ENTRADA AGREGADA--NOMBRE PERSONAL
Nombre de persona Tamayo y Rubio, Juan Antonio.
9 (RLIN) 149830
710 2# - ENTRADA AGREGADA--NOMBRE DE ENTIDAD CORPORATIVA
Nombre de entidad corporativa o nombre de jurisdicción como elemento de entrada Instituto "Miguel de Cervantes"
9 (RLIN) 5133
830 0# - PUNTO DE ACCESO ADICIONAL DE SERIE-TÍTULO UNIFORME
Título uniforme Anejos de "La Revista de Filología Española" ;
Designación de volumen o secuencia 42
9 (RLIN) 191161
852 ## - LOCALIZACIÓN
Ubicación ES-MaACL
Número de control de estantería E-15389
Holdings
Estatus retirado Estado de pérdida Estado de daño No para préstamo Biblioteca de origen Biblioteca actual Ubicación en estantería Fecha de adquisición Fuente de adquisición Total de préstamos Signatura topográfica completa Código de barras Visto por última vez Precio de reemplazo Tipo de ítem Koha
        Biblioteca del Ateneo de Madrid Biblioteca del Ateneo de Madrid Depósito 2 19/04/2012     E-15389 1189251 23/02/2023 23/02/2023 Libro impreso